<The> World of Learning 1996

Gespeichert in:
Bibliographische Detailangaben
Format: Buch
Sprache:Englisch
Veröffentlicht: London Europa 1996
Ausgabe:46. ed.
Schlagworte:
Tags: Tag hinzufügen
Keine Tags, Fügen Sie das erste Tag hinzu!

MARC

LEADER 00000nam a2200000 4500
001 c013007
005 20221221083953.3
020 |a 1-85743-016-6 
041 0 |a eng 
044 |a GB 
245 1 0 |a <The> World of Learning 1996 
250 |a 46. ed. 
264 1 |a London  |b Europa  |c 1996 
300 |a 2025 s. 
610 2 0 |a vzdelávanie 
610 2 0 |a školstvo 
610 2 0 |a veda 
610 2 0 |a kultúra 
610 2 0 |a svet